Central Library OPAC University of Rajshahi

English court hand, A.D. 1066 to 1500 : (Record no. 14100)

MARC details
000 -LEADER
fixed length control field 00969nam a2200289 a 4500
001 - CONTROL NUMBER
control field 14100
003 - CONTROL NUMBER IDENTIFIER
rucl marc code BD-RjUL
005 - DATE AND TIME OF LATEST TRANSACTION
control field 20211208235555.0
008 - FIXED-LENGTH DATA ELEMENTS--GENERAL INFORMATION
fixed length control field 140205s1915 enk g 001 0 eng d
035 ## - SYSTEM CONTROL NUMBER
System control number oxf98312443
System control number (BD-RjUL)14152
040 ## - CATALOGING SOURCE
Original cataloging agency KEN
Modifying agency EQO
Language of cataloging eng
Transcribing agency BD-RjUL
041 ## - LANGUAGE CODE
Language code of text/sound track or separate title eng
082 ## - DEWEY DECIMAL CLASSIFICATION NUMBER
Classification number 411.7
Author mark and year JOE 1915
100 1# - MAIN ENTRY--PERSONAL NAME
Personal name Johnson, Charles,
Dates associated with a name 1870-1961
9 (RLIN) 44053
245 10 - TITLE STATEMENT
Title English court hand, A.D. 1066 to 1500 :
Remainder of title illustrated chiefly from the public records /
Statement of responsibility, etc. by Charles Johnson and Hilary Jenkinson.
260 ## - PUBLICATION, DISTRIBUTION, ETC. (IMPRINT)
Place of publication, distribution, etc. Oxford :
Name of publisher, distributor, etc. Clarendon Press,
Date of publication, distribution, etc. 1915.
300 ## - PHYSICAL DESCRIPTION
Pagination xlviii250p.;
Illustrations ill., 45 plates ;
Size 25 cm.
504 ## - BIBLIOGRAPHY, ETC. NOTE
Bibliography, etc Bibliography: v. 1, p. [xl]-xliv
505 0# - FORMATTED CONTENTS NOTE
Formatted contents note pt. 1. Text.--pt. 2. Plates.
650 #0 - SUBJECT ADDED ENTRY--TOPICAL TERM
Topical term or geographic name as entry element Paleography, English
General subdivision Handbooks, manuals, etc.
9 (RLIN) 44054
Topical term or geographic name as entry element Manuscripts
Form subdivision Facsimiles.
9 (RLIN) 44055
700 1# - ADDED ENTRY--PERSONAL NAME
Personal name Jenkinson, Hilary,
942 ## - ADDED ENTRY ELEMENTS (KOHA)
Source of classification or shelving scheme Dewey Decimal Classification
Koha item type Books
Holdings
Lost status Source of classification or shelving scheme Damaged status Not for loan Collection code Permanent Location Current Location Shelving location Date acquired Source of acquisition Cost, normal purchase price Total Checkouts Full call number Date last seen Copy number Koha item type
  Dewey Decimal Classification   Not For Loan Non-fiction Central Library, University of Rajshahi Central Library, University of Rajshahi Reading Room 10/08/1955 C U P 31.80   411.7 JOE 1915 05/02/2014 C-1 Books